000 00446nam a2200157Ia 4500
008 240729s9999 xx 000 0 und d
022 _a2589-8078
245 0 _aInternational Journal of Abdominal Wall and Hernia Surgery
260 _aIndia
260 _bWolters Kluwer Medknow Publications
650 _a Surgery
650 _aMedicine
856 _uhttps://doaj.org/toc/dc0bca8412b24a0e88a1c7f3479c0f93
942 _2ddc
942 _cDOAJEJ
999 _c69742
_d69742
945 _a1
_bMadushi Gamage
_c1
_dMadushi Gamage